Chống sét cho nhà và công trình

Wedi'i Gadw mewn:
Manylion Llyfryddiaeth
Prif Awdur: VIễN SUM
Fformat: Llyfr
Iaith:Undetermined
Cyhoeddwyd: H. KHKT 2001
Pynciau:
Tagiau: Ychwanegu Tag
Dim Tagiau, Byddwch y cyntaf i dagio'r cofnod hwn!
Thư viện lưu trữ: Trung tâm Học liệu Trường Đại học Cần Thơ
LEADER 00499nam a2200169Ia 4500
001 CTU_45307
008 210402s9999 xx 000 0 und d
082 |a 690.2 
082 |b V305 
100 |a VIễN SUM 
245 0 |a Chống sét cho nhà và công trình 
245 0 |c VIễN SUM; Biên tập, hiệu đính: Nguyễn Văn 
260 |a H. 
260 |b KHKT 
260 |c 2001 
650 |a structural engineering 
980 |a Trung tâm Học liệu Trường Đại học Cần Thơ